Rozpoznaj postacie z historii Rzymu - historia starożytna - Statystyki

Ogólne statystyki
  • Ten quiz został rozwiązany 12 razy
  • Średni wynik to 5 z 16
Statystyki odpowiedzi
Obrazkowy Odpowiedź % Poprawnych
Caius Iulius Caesar Octavianus
82%
Caius Iulius Caesar
73%
Marcus Aurelius Antoninus
73%
Cnaeus Pompeius Magnus
55%
Elagabalus
36%
Marcus Antonius
36%
Lucius Cornelius Sulla Felix
27%
Marcus Iunius Brutus
27%
Marcus Tullius Cicero
27%
Lucius Quinctius Cincinnatus
18%
Marcus Porcius Cato
18%
Marcus Vipsanius Agrippa
18%
Caius Marius
9%
Lucius Iunius Brutus
9%
Marcus Porcius Cato Uticensis
9%
Mucius Scaevola
9%
Nie znaleziono quizów pasujących do podanych kryteriów
Rozkład punktacji
Procent ludzi z każdym wynikiem
Percentyl według liczby udzielonych odpowiedzi
Twoja historia wyników
Nie rozwiązałeś tego quizu